[Event "Seville City-ch Rapid"]
[Site "Seville"]
[Date "2023.02.28"]
[Round "3"]
[White "Balbuena Fuentes, Mario"]
[Black "Zamudio Munoz, Antonio"]
[Result "1-0"]
[WhiteElo "2258"]
[BlackElo "1748"]
[PlyCount "66"]
[EventDate "2023.02.28"]
[EventType "swiss (rapid)"]
[EventRounds "7"]
[EventCountry "ESP"]
[SourceTitle "CBM 213 Extra"]
[Source "ChessBase"]
[SourceDate "2023.05.31"]
[SourceVersion "1"]
[SourceVersionDate "2023.05.31"]
[SourceQuality "1"]

1. e4 c6 2. d4 d5 3. e5 Bf5 4. h4 h6 5. g4 Bd7 6. h5 e6 7. f4 Be7 8. Nf3 c5 9. c3 Qb6 10. Rh2 cxd4 11. cxd4 Nc6 12. Nc3 Bb4 13. Kf2 f6 14. Kg3 fxe5 15. fxe5 0-0-0 16. Na4 Qc7 17. a3 Be7 18. b4 Rf8 19. Rc2 a6 20. Nc5 Bxc5 21. Rxc5 Kb8 22. a4 b6 23. Rc2 Qd8 24. Ba3 Rxf3+ 25. Kxf3 Qg5 26. Qd2 Nge7 27. Qxg5 hxg5 28. Ke3 Nxd4 29. Kxd4 Bxa4 30. Rcc1 Nc6+ 31. Rxc6 Bxc6 32. Bxa6 Rf8 33. Rf1 Rf3 1-0

[Event "Seville City-ch Blitz"]
[Site "Seville"]
[Date "2023.02.28"]
[Round "9"]
[White "Silva Lucena, Cristian"]
[Black "Balbuena Fuentes, Mario"]
[Result "0-1"]
[WhiteElo "2303"]
[BlackElo "2258"]
[PlyCount "174"]
[EventDate "2023.02.28"]
[EventType "swiss (blitz)"]
[EventRounds "10"]
[EventCountry "ESP"]
[SourceTitle "CBM 213 Extra"]
[Source "ChessBase"]
[SourceDate "2023.05.31"]
[SourceVersion "1"]
[SourceVersionDate "2023.05.31"]
[SourceQuality "1"]

1. e4 d6 2. d4 Nf6 3. Nc3 g6 4. Bg5 Bg7 5. e5 dxe5 6. dxe5 Ng4 7. Qxd8+ Kxd8 8. Rd1+ Bd7 9. e6 fxe6 10. Bc4 Bxc3+ 11. bxc3 Ke8 12. Nf3 Nc6 13. 0-0 Nge5 14. Nxe5 Nxe5 15. Bb3 Nf7 16. Bf4 Nd6 17. Rfe1 a5 18. Bxe6 Bxe6 19. Rxe6 Kd7 20. Rde1 Rae8 21. Bg5 Nc8 22. R6e5 b6 23. c4 Rhf8 24. c5 Rf5 25. cxb6 Rxe5 26. Rxe5 cxb6 27. c4 Nd6 28. c5 Nf7 29. Re3 Nxg5 30. cxb6 Rb8 31. h4 Ne6 32. Ra3 Rxb6 33. Rxa5 Nf4 34. g3 Ne6 35. Ra8 Rb1+ 36. Kg2 Rb2 37. a4 Nc5 38. a5 Ra2 39. Kg1 e5 40. Ra7+ Ke6 41. Rxh7 Rxa5 42. g4 Ra4 43. f3 Ra2 44. Rh6 Kf7 45. h5 gxh5 46. Rxh5 Nd3 47. Rh7+ Ke6 48. Rh6+ Kd5 49. Rh8 Nf4 50. Kf1 Kd4 51. Rb8 Rc2 52. Rb3 Rc3 53. Rb4+ Kc5 54. Re4 Kd5 55. Kf2 Rc2+ 56. Kf1 Rh2 57. Ra4 Rh1+ 58. Kf2 Rh2+ 59. Kf1 Rb2 60. Ke1 Rc2 61. Kf1 Rc4 62. Ra2 Kd4 63. Re2 Kd5 64. Rd2+ Rd4 65. Ra2 Rd1+ 66. Kf2 Rd4 67. Ra5+ Ke6 68. g5 Rd7 69. Kg3 Kf5 70. Rb5 Rg7 71. Kf2 Rxg5 72. Rb4 Rg2+ 73. Kf1 Rc2 74. Ra4 Kg5 75. Re4 Rc5 76. Kf2 Rc2+ 77. Kf1 Kf5 78. Ra4 Nd3 79. Ra8 Rf2+ 80. Kg1 Rxf3 81. Kg2 Rf4 82. Rd8 Ke4 83. Kg3 Nc5 84. Rc8 Ne6 85. Ra8 Nd4 86. Ra3 Rf3+ 87. Rxf3 Nxf3 0-1

[Event "Madrid-chT Honor 2122"]
[Site "Madrid"]
[Date "2022.02.13"]
[Round "9.4"]
[White "Balbuena Fuentes, Mario"]
[Black "Merayo Lopez, Abraham"]
[Result "1-0"]
[WhiteElo "2221"]
[BlackElo "2035"]
[PlyCount "67"]
[EventDate "2021.11.27"]
[EventType "team-tourn"]
[EventRounds "14"]
[EventCountry "ESP"]
[SourceTitle "EXT 2024"]
[Source "ChessBase"]
[SourceDate "2023.10.10"]
[SourceVersion "1"]
[SourceVersionDate "2023.10.10"]
[SourceQuality "1"]
[WhiteTeam "Blanco y Negro"]
[BlackTeam "La Didactica"]
[WhiteTeamCountry "ESP"]
[BlackTeamCountry "ESP"]

1. e4 e5 2. Nf3 Nc6 3. Bb5 a6 4. Ba4 Nf6 5. 0-0 Be7 6. d3 d6 7. c3 0-0 8. Re1 Be6 9. d4 exd4 10. cxd4 Bg4 11. Nc3 Bxf3 12. gxf3 b5 13. Bc2 Qd7 14. Kh1 Qh3 15. Rg1 Nh5 16. f4 f5 17. Bb3+ Kh8 18. Bd5 Nb4 19. Bxa8 Rxa8 20. exf5 Nd3 21. Be3 Nxb2 22. Qg4 Qxg4 23. Rxg4 c6 24. Re1 d5 25. Re2 Nd3 26. Rd2 Ne1 27. Rd1 Nc2 28. Rc1 Nb4 29. Rgg1 Nd3 30. Rc2 Bf6 31. Ne2 Rc8 32. Rb1 Bh4 33. Kg1 Be7 34. Rc3 1-0

[Event "Madrid-chT Honor 2122"]
[Site "Madrid"]
[Date "2022.01.09"]
[Round "4.5"]
[White "Ruiz Buendia, Miguel"]
[Black "Balbuena Fuentes, Mario"]
[Result "0-1"]
[WhiteElo "2097"]
[BlackElo "2221"]
[PlyCount "108"]
[EventDate "2021.11.27"]
[EventType "team-tourn"]
[EventRounds "14"]
[EventCountry "ESP"]
[SourceTitle "EXT 2024"]
[Source "ChessBase"]
[SourceDate "2023.10.10"]
[SourceVersion "1"]
[SourceVersionDate "2023.10.10"]
[SourceQuality "1"]
[WhiteTeam "Collado Villalba"]
[BlackTeam "Blanco y Negro"]
[WhiteTeamCountry "ESP"]
[BlackTeamCountry "ESP"]

1. e4 e6 2. d4 d5 3. Nc3 Nf6 4. Bg5 h6 5. Bxf6 Qxf6 6. exd5 Bb4 7. Bb5+ c6 8. dxc6 bxc6 9. Ba4 0-0 10. a3 Bxc3+ 11. bxc3 Qg5 12. Qf3 Qa5 13. Bb3 Ba6 14. Ne2 Rd8 15. h4 Nd7 16. Qxc6 Bxe2 17. Kxe2 Rac8 18. Qa4 Qh5+ 19. f3 Rxc3 20. Kd2 Nc5 21. Qb4 Rxb3 22. cxb3 Rxd4+ 23. Qxd4 Nxb3+ 24. Kc3 Nxd4 25. Kxd4 Qg6 26. Ra2 e5+ 27. Ke3 Qb6+ 28. Ke2 Qb5+ 29. Kf2 Qc5+ 30. Kg3 Qc4 31. Raa1 Qf4+ 32. Kf2 e4 33. Ke2 f5 34. Raf1 Qg3 35. Rf2 Qe5 36. fxe4 Qxe4+ 37. Kd2 Qd4+ 38. Ke2 Qb2+ 39. Kf3 Qxa3+ 40. Ke2 Qb2+ 41. Ke3 Qc3+ 42. Ke2 Qc2+ 43. Ke3 Qe4+ 44. Kd2 Kf7 45. Rhf1 Kf6 46. g3 g5 47. hxg5+ hxg5 48. Rh2 Qd4+ 49. Ke1 Qe3+ 50. Kd1 Qd3+ 51. Ke1 Qxg3+ 52. Rhf2 f4 53. Ke2 Qe3+ 54. Kd1 Kf5 0-1

[Event "Madrid-chT Honor 2122"]
[Site "Madrid"]
[Date "2021.12.18"]
[Round "3.6"]
[White "Balbuena Fuentes, Mario"]
[Black "Perdomo Araujo, Angel Eduardo"]
[Result "1-0"]
[WhiteElo "2221"]
[BlackElo "2086"]
[PlyCount "75"]
[EventDate "2021.11.27"]
[EventType "team-tourn"]
[EventRounds "14"]
[EventCountry "ESP"]
[SourceTitle "EXT 2024"]
[Source "ChessBase"]
[SourceDate "2023.10.10"]
[SourceVersion "1"]
[SourceVersionDate "2023.10.10"]
[SourceQuality "1"]
[WhiteTeam "Blanco y Negro"]
[BlackTeam "Villalba 64"]
[WhiteTeamCountry "ESP"]
[BlackTeamCountry "ESP"]

1. e4 d5 2. exd5 Qxd5 3. Nc3 Qd6 4. d4 Nf6 5. Nf3 c6 6. Ne5 Nbd7 7. Bf4 Nxe5 8. Bxe5 Qd8 9. h3 Be6 10. Be2 g6 11. 0-0 Bg7 12. Na4 b6 13. c4 0-0 14. Nc3 Rc8 15. a4 a6 16. Qd2 Ne8 17. Bxg7 Kxg7 18. Rfd1 Nf6 19. Qe3 Qc7 20. Rd2 Rfe8 21. b4 Rcd8 22. Rad1 Bc8 23. Qe5 Qd6 24. c5 bxc5 25. bxc5 Qd7 26. d5 Qa7 27. dxc6 Rxd2 28. Rxd2 Kg8 29. Rb2 Rd8 30. Rb8 h5 31. Bf3 Re8 32. a5 Be6 33. Rb7 Qa8 34. c7 Qc8 35. c6 Bf5 36. Bd5 Bd3 37. Rb8 Qf5 38. Qxe7 1-0

[Event "Seville IM"]
[Site "Seville"]
[Date "2021.07.09"]
[Round "8"]
[White "Martin Carmona, Gaston Manuel"]
[Black "Balbuena Fuentes, Mario"]
[Result "1/2-1/2"]
[WhiteElo "2294"]
[BlackElo "2230"]
[PlyCount "53"]
[EventDate "2021.07.05"]
[EventType "tourn"]
[EventRounds "9"]
[EventCountry "ESP"]
[EventCategory "3"]
[SourceTitle "CBM 203 Extra"]
[Source "ChessBase"]
[SourceDate "2021.09.30"]
[SourceVersion "1"]
[SourceVersionDate "2021.09.30"]
[SourceQuality "1"]

1. c4 e5 2. g3 Nf6 3. Bg2 d5 4. cxd5 Nxd5 5. Nc3 Nb6 6. Nf3 Nc6 7. 0-0 Be7 8. a3 0-0 9. b4 Be6 10. Rb1 f6 11. d3 Nd4 12. Nd2 c6 13. e3 Nf5 14. Nb3 Kh8 15. Nc5 Bxc5 16. bxc5 Nd7 17. Ne4 b5 18. Qc2 a5 19. Bb2 Bd5 20. Rbe1 b4 21. f4 exf4 22. gxf4 Qe8 23. axb4 axb4 24. Nxf6 Nxf6 25. e4 b3 26. Qd2 Qg6 27. exd5 1/2-1/2

[Event "Lisbon Portugal op"]
[Site "Lisbon"]
[Date "2020.01.28"]
[Round "5"]
[White "Balbuena Fuentes, Mario"]
[Black "Martin Duque, Jesus"]
[Result "1/2-1/2"]
[WhiteElo "2234"]
[BlackElo "2447"]
[PlyCount "213"]
[EventDate "2020.01.25"]
[EventType "swiss"]
[EventRounds "9"]
[EventCountry "POR"]
[SourceTitle "CBM 194"]
[Source "ChessBase"]
[SourceDate "2020.01.27"]
[SourceVersion "1"]
[SourceVersionDate "2020.01.27"]
[SourceQuality "1"]

1. e4 c5 2. Nf3 e6 3. d4 cxd4 4. Nxd4 Nc6 5. Nc3 Qc7 6. g3 a6 7. Bg2 h5 8. h3 h4 9. g4 Nge7 10. Nde2 Ng6 11. 0-0 Bc5 12. Kh1 b5 13. f4 b4 14. Na4 Ba7 15. f5 Nge5 16. Bf4 Bb7 17. c3 Qa5 18. Rc1 bxc3 19. Rxc3 Rc8 20. a3 Ba8 21. b4 Qb5 22. Nc5 d6 23. Nxe6 fxe6 24. Qxd6 Nc4 25. Qxe6+ Ne7 26. f6 gxf6 27. Qxf6 Rf8 28. Qg7 Rd8 29. Rfc1 Rxf4 30. Rxc4 Qxc4 31. Rxc4 Rd1+ 32. Kh2 Bb8 33. e5 Rxc4 34. Qh8+ Kd7 35. Qxb8 Bxg2 36. e6+ Kxe6 37. Nf4+ Rxf4 38. Qxf4 Bd5 39. Qh6+ Kd7 40. Qxh4 Rd2+ 41. Kg1 Ra2 42. Qf6 Rxa3 43. Kh2 Nc6 44. g5 Be6 45. Qg7+ Kd6 46. Qf8+ Kd7 47. Qg7+ Ne7 48. Qd4+ Nd5 49. h4 Kd6 50. g6 Rb3 51. Qc5+ Ke5 52. Qa5 Rxb4 53. Qxa6 Rxh4+ 54. Kg3 Rg4+ 55. Kf3 Rxg6 56. Qb7 Rf6+ 57. Kg3 Rg6+ 58. Kf3 Bg4+ 59. Kf2 Bf5 60. Qb2+ Ke6 61. Qe2+ Kd6 62. Qa6+ Ke5 63. Qa1+ Kd6 64. Qa3+ Ke6 65. Qa6+ Kf7 66. Qb7+ Ne7 67. Ke3 Re6+ 68. Kf2 Be4 69. Qc7 Bc6 70. Qh2 Ng6 71. Qc7+ Kf6 72. Qd8+ Kf5 73. Qd3+ Be4 74. Qh3+ Kf6 75. Qc3+ Ne5 76. Ke3 Kf5 77. Qc5 Re8 78. Qc7 Rh8 79. Kd4 Nf3+ 80. Ke3 Ne5 81. Kd4 Rd8+ 82. Kc3 Rd3+ 83. Kb4 Rd7 84. Qc8 Kf4 85. Qc1+ Kf3 86. Qh1+ Ke3 87. Qg1+ Kf4 88. Qc1+ Kf5 89. Qc8 Bd5 90. Qc2+ Ke6 91. Qc8 Ke7 92. Qc5+ Kf7 93. Qf2+ Bf3 94. Qe3 Ke6 95. Qh6+ Kd5 96. Qd2+ Ke4 97. Qe1+ Kf5 98. Qe3 Rb7+ 99. Kc3 Rc7+ 100. Kb4 Rc4+ 101. Kb3 Bd5 102. Qh3+ Rg4+ 103. Kc3 Kf6 104. Qh8+ Kf5 105. Qh3 Kf4 106. Qh6+ Kf5 107. Qh3 1/2-1/2

[Event "Iberoamerican-ch 7th"]
[Site "Linares"]
[Date "2019.08.10"]
[Round "1"]
[White "Cruz, Cristhian"]
[Black "Balbuena Fuentes, Mario"]
[Result "1-0"]
[WhiteElo "2559"]
[BlackElo "2268"]
[PlyCount "57"]
[EventDate "2019.08.10"]
[EventType "swiss"]
[EventRounds "9"]
[EventCountry "ESP"]
[SourceTitle "CBM 191 Extra"]
[Source "ChessBase"]
[SourceDate "2019.09.30"]
[SourceVersion "1"]
[SourceVersionDate "2019.09.30"]
[SourceQuality "1"]

1. g3 e5 2. c4 Nc6 3. Bg2 f5 4. Nc3 Nf6 5. d3 Bb4 6. Bd2 0-0 7. Rc1 d6 8. Nf3 Bxc3 9. Bxc3 Qe8 10. b4 Qh5 11. d4 e4 12. d5 Nxb4 13. Bxb4 exf3 14. Bxf3 Qh3 15. c5 Ng4 16. cxd6 Ne5 17. Qb3 a5 18. Ba3 a4 19. Qc3 Re8 20. dxc7 Nxf3+ 21. Qxf3 f4 22. e3 fxe3 23. fxe3 Bd7 24. Rf1 h6 25. Kd2 Rac8 26. Rf2 Kh7 27. Rc4 Bb5 28. Rg4 Re5 29. Rxg7+ 1-0

[Event "Andalucia-chT Honor Occidental"]
[Site "Andalucia"]
[Date "2018.11.17"]
[Round "5.7"]
[White "Gutierrez Valero, Mario"]
[Black "Balbuena Fuentes, Mario"]
[Result "1-0"]
[WhiteElo "2228"]
[BlackElo "2297"]
[PlyCount "63"]
[EventDate "2018.09.30"]
[EventType "team-tourn"]
[EventRounds "7"]
[EventCountry "ESP"]
[SourceTitle "EXT 2020"]
[Source "ChessBase"]
[SourceDate "2019.10.17"]
[SourceVersion "1"]
[SourceVersionDate "2019.10.17"]
[SourceQuality "1"]
[WhiteTeam "Espartinas Alekhine"]
[BlackTeam "Gomez Feria CAS"]
[WhiteTeamCountry "ESP"]
[BlackTeamCountry "ESP"]

1. d4 e6 2. c4 b6 3. e4 Bb7 4. Bd3 Bb4+ 5. Kf1 Be7 6. Nf3 d6 7. Nc3 Nd7 8. Be3 Bf6 9. Qd2 Ne7 10. h4 0-0 11. Kg1 e5 12. d5 Nc5 13. Bf1 a5 14. g4 Ng6 15. g5 Be7 16. h5 Nf4 17. Bxf4 exf4 18. Qxf4 f5 19. exf5 Bc8 20. f6 gxf6 21. g6 Qd7 22. Bh3 f5 23. Qh6 Bd8 24. Ng5 Bxg5 25. Qxg5 Ba6 26. Re1 Rae8 27. Kh2 Nd3 28. gxh7+ Kh8 29. Rxe8 Qxe8 30. Rg1 Qf7 31. h6 Re8 32. Qg7+ 1-0

[Event "ESP-ch 83rd"]
[Site "Linares"]
[Date "2018.08.24"]
[Round "5"]
[White "Balbuena Fuentes, Mario"]
[Black "Merario Alarcon, Andres"]
[Result "0-1"]
[WhiteElo "2306"]
[BlackElo "2406"]
[PlyCount "106"]
[EventDate "2018.08.20"]
[EventType "swiss"]
[EventRounds "9"]
[EventCountry "ESP"]
[SourceTitle "CBM 186 Extra"]
[Source "ChessBase"]
[SourceDate "2018.08.24"]
[SourceVersion "1"]
[SourceVersionDate "2018.08.24"]
[SourceQuality "1"]

1. e4 e5 2. Nf3 Nc6 3. Bb5 Nf6 4. d3 Bc5 5. c3 d5 6. exd5 Qxd5 7. Bc4 Qd6 8. Nbd2 0-0 9. Qe2 Be6 10. Ng5 Bxc4 11. Nxc4 Qd7 12. 0-0 Rfe8 13. Ne4 Be7 14. b4 b5 15. Ne3 Nd5 16. Nxd5 Qxd5 17. Qf3 Red8 18. Rd1 a5 19. bxa5 Rxa5 20. Be3 Qe6 21. Rd2 b4 22. cxb4 Nxb4 23. d4 f5 24. Nc5 Bxc5 25. dxc5 Nd3 26. Qe2 e4 27. f3 Rda8 28. fxe4 fxe4 29. Qh5 h6 30. h3 Ra3 31. Qe2 Qg6 32. Rf1 Kh7 33. Bd4 R8a4 34. Be3 Ne5 35. Rd8 Rxa2 36. Bd2 Nf3+ 37. Kh1 Rd4 38. Rxd4 Nxd4 39. Qe1 e3 40. Qxe3 Nf5 41. Rxf5 Qxf5 42. Bc3 Qf1+ 43. Qg1 Qxg1+ 44. Kxg1 Kg6 45. Kh2 Kf7 46. Be5 c6 47. Kg3 g6 48. Kf3 Rc2 49. Bd6 Ke6 50. Bf8 h5 51. g4 Rc3+ 52. Kg2 hxg4 53. hxg4 Ke5 0-1